MAASAI MARA UNIVERSITY

LIBRARY CATALOGUE

Contact Us: +254 020 2685356/7 or 0774 057787

Box: 861-20500, NAROK, KENYA

Email: info@mmarau.ac.ke

Restoring broken things : (Record no. 27002)

MARC details
000 -LEADER
fixed length control field 01123nam a22002537a 4500
003 - CONTROL NUMBER IDENTIFIER
control field OSt
005 - DATE AND TIME OF LATEST TRANSACTION
control field 20211202030129.0
008 - FIXED-LENGTH DATA ELEMENTS--GENERAL INFORMATION
fixed length control field 170405b xxu||||| |||| 00| 0 eng d
020 ## - INTERNATIONAL STANDARD BOOK NUMBER
International Standard Book Number 1591452805
040 ## - CATALOGING SOURCE
Original cataloging agency MMU
Transcribing agency MMU
Modifying agency MMU
Language of cataloging eng.
050 00 - LIBRARY OF CONGRESS CALL NUMBER
Classification number BT738.27.C43 2005
100 1# - MAIN ENTRY--PERSONAL NAME
Personal name Chapman, Steven Curtis.
245 10 - TITLE STATEMENT
Title Restoring broken things :
Remainder of title what happens when we catch a vision for the new world Jesus is creating /
Statement of responsibility, etc. Steven Curtis Chapman, Scotty Smith.
260 ## - PUBLICATION, DISTRIBUTION, ETC. (IMPRINT)
Place of publication, distribution, etc. Nashville, Tenn.:
Name of publisher, distributor, etc. Integrity Publishers,
Date of publication, distribution, etc. c2005.
300 ## - PHYSICAL DESCRIPTION
Extent xvii, 254 p. ;
Dimensions 21cm.
504 ## - BIBLIOGRAPHY, ETC. NOTE
Bibliography, etc Includes bibliographical references (p. 253-254).
520 ## - SUMMARY, ETC.
Summary, etc. "Practical implications of Jesus' commitment to make all things new and the part we are to play with Him in this redemptive process"--Provided by publisher.
650 #0 - SUBJECT ADDED ENTRY--TOPICAL TERM
Topical term or geographic name as entry element Redemption
General subdivision Christianity.
650 #0 - SUBJECT ADDED ENTRY--TOPICAL TERM
Topical term or geographic name as entry element Christian life.
700 1# - ADDED ENTRY--PERSONAL NAME
Personal name Smith, Scotty,
Dates associated with a name 1950-
856 41 - ELECTRONIC LOCATION AND ACCESS
Materials specified Table of contents
Uniform Resource Identifier <a href="http://www.loc.gov/catdir/toc/ecip0510/2005008311.html">http://www.loc.gov/catdir/toc/ecip0510/2005008311.html</a>
856 42 - ELECTRONIC LOCATION AND ACCESS
Materials specified Publisher description
Uniform Resource Identifier <a href="http://www.loc.gov/catdir/enhancements/fy0708/2005008311-d.html">http://www.loc.gov/catdir/enhancements/fy0708/2005008311-d.html</a>
942 ## - ADDED ENTRY ELEMENTS (KOHA)
Source of classification or shelving scheme Library of Congress Classification
Koha item type L
Holdings
Withdrawn status Lost status Source of classification or shelving scheme Damaged status Not for loan Home library Current library Date acquired Source of acquisition Total Checkouts Full call number Barcode Date last seen Price effective from Koha item type
    Library of Congress Classification     Maasai Mara University Library -Main Campus Maasai Mara University Library -Main Campus 04/05/2017 Donation   BT738.27.C43 2005 201210099 04/05/2017 04/05/2017 L
© 2016 Maasai Mara University.